000 00438nam a2200181Ia 4500
001 10474
005 20260306161835.0
008 260306t2001||||xx |||||||||||||| ||spa||
041 _aESP
082 _a930.1
_bZ78 V. 1
100 _aZiotkowski, Mariusz S.
_eAUT
245 0 _aProyecto arqueológico Condesuyos
260 _c2001
300 _a302 páginas :
_c24 cm.
650 _aGEN
654 _aCHU
942 _cLIB
_dJUS
_fJUS
_2ddc
_n
999 _c10474
_d10474